Jăc Vanhtrax Cậu tú T.2
Gespeichert in:
| 1. Verfasser: | |
|---|---|
| Format: | Buch |
| Sprache: | Vietnamese |
| Veröffentlicht: |
H.
Văn học
1974
|
| Schlagworte: | |
| Tags: |
Tag hinzufügen
Keine Tags, Fügen Sie den ersten Tag hinzu!
|
| Thư viện lưu trữ: | Mạng thư viện Đại học Đà Nẵng |
|---|
| LEADER | 01030nam a2200337 4500 | ||
|---|---|---|---|
| 001 | 000004684 | ||
| 003 | 825 | ||
| 005 | 20120515080556.0 | ||
| 008 | 110803s1974 viesd | ||
| 020 | |c 15000 | ||
| 041 | 0 | |a vie | |
| 082 | |a 843 |b VA-J | ||
| 100 | 0 | |a Valex, Tuyn | |
| 245 | 1 | 0 | |a Jăc Vanhtrax |b Cậu tú |c Tuyn Valex |n T.2 |
| 260 | |a H. |b Văn học |c 1974 | ||
| 300 | |a 451 tr. |b 19 cm. | ||
| 653 | |a Pháp | ||
| 653 | |a tiểu thuyết | ||
| 653 | |a Văn học trung đại | ||
| 773 | |t Jăc Vanhtrax |w 820 | ||
| 910 | |a Huỳnh Thị Cẩm Lai |d 03/08/2011 | ||
| OWN | |a LSP | ||
| AVA | |a UDN50 |b LSP |d 843 VA-J |e available |t Error 5001 Not defined in file expand_doc_bib_avail. |f 3 |g 1 |h N |i 0 |k 1 | ||
| 999 | |a From the UDN01 | ||
| AVA | |a UDN50 |b LSP |d 843 VA-J |e available |t Error 5001 Not defined in file expand_doc_bib_avail. |f 3 |g 1 |h N |i 0 |k 1 | ||
| TYP | |a Monograph | ||
| TYP | |a Printed language | ||
| 980 | |a Mạng thư viện Đại học Đà Nẵng | ||